[Event "NOR-ch U18"]
[Site "Karmoy"]
[Date "2003.09.27"]
[Round "2"]
[White "Lie, Espen"]
[Black "Dal, Rasmus"]
[Result "1-0"]
[WhiteElo "2311"]
[BlackElo "850"]
[PlyCount "31"]
[EventDate "2003.09.??"]
[EventType "swiss"]
[EventRounds "7"]
[EventCountry "NOR"]
[SourceTitle "EXT 2005"]
[Source "ChessBase"]
[SourceDate "2004.11.15"]
[SourceVersion "1"]
[SourceVersionDate "2004.11.15"]
[SourceQuality "1"]

1. e4 e5 2. Nf3 Nc6 3. d4 exd4 4. Bc4 Bb4+ 5. c3 dxc3 6. 0-0 cxb2 7. Bxb2 f6 8. a3 Ba5 9. e5 Kf8 10. Ng5 Nh6 11. exf6 gxf6 12. Qh5 Kg7 13. Nf7 Nxf7 14. Qxf7+ Kh6 15. Bc1+ Bd2 16. Bxd2# 1-0